Music Quiz

Random Music or Album Quiz

Death Angel Albums Quiz Stats

 Plays Quiz not verified by Sporcle

Score 0/9 Timer 04:00
0 Plays Today
Album Type Album % Correct
Studio AlbumAct III
95.7%
Studio AlbumThe Ultra-Violence
87%
Studio AlbumFrolic Through The Park
82.6%
Studio AlbumRelentless Retribution
82.6%
Studio AlbumThe Art Of Dying
78.3%
Studio AlbumKilling Season
69.6%
Live AlbumFall From Grace Live
47.8%
Compilation/Box SetArchives And Artifacts
43.5%
Live AlbumSonic German Beatdown
39.1%

You're not logged in!

Compare scores with friends on all Sporcle quizzes.
OR
Log In

Show Comments

Extras

Created Nov 7, 2010ReportNominate
Tags:Album Quiz, angel, death

Top Quizzes Today


Score Distribution

Your Account Isn't Verified!

In order to create a playlist on Sporcle, you need to verify the email address you used during registration. Go to your Sporcle Settings to finish the process.

Report this User

Report this user for behavior that violates our Community Guidelines.

Details: